000 00533nam a2200169 i 4500
001 49525
003 ES-MaACL
005 20230906162009.0
007 t|
008 201111s1869 sp |||| | spa d
100 1 _aLopez y Lopez, Matias.
_9201570
245 1 0 _aSucinta reseña y observaciones acerca del origen del chocolate y su fabricación /
_cescrito por el fabricante D. Matías Lopez y Lopez.
260 _aMadrid :
_b[s.n.],
_c1869.
650 4 _aChocolate.
_9135763
852 _aES-MaACL
_jT-625-F-12
999 _c49525
_d49525